Welcome to WEB OPAC of MRSPTU Central Library

Inqlab (ਇਨਕਲਾਬ (Record no. 10031)

MARC details
000 -LEADER
fixed length control field 00486nam a22001577a 4500
003 - CONTROL NUMBER IDENTIFIER
control field OSt
005 - DATE AND TIME OF LATEST TRANSACTION
control field 20240415161411.0
008 - FIXED-LENGTH DATA ELEMENTS--GENERAL INFORMATION
fixed length control field 240415b |||||||| |||| 00| 0 eng d
040 ## - CATALOGING SOURCE
Transcribing agency MRSPTU
100 ## - MAIN ENTRY--PERSONAL NAME
Personal name Khwaja Ahmad Abbas (ਖ਼ਵਾਜਾ ਅਹਿਮਦ ਅੱਬਾਸ)
245 ## - TITLE STATEMENT
Title Inqlab (ਇਨਕਲਾਬ
Remainder of title ਸਰਵੋਤਮ ਭਾਰਤੀ ਸਾਹਿਤ
250 ## - EDITION STATEMENT
Edition statement 1st
260 ## - PUBLICATION, DISTRIBUTION, ETC.
Place of publication, distribution, etc. Punjab
Name of publisher, distributor, etc. Director Education Department
Date of publication, distribution, etc. 1997
300 ## - PHYSICAL DESCRIPTION
Extent 438
942 ## - ADDED ENTRY ELEMENTS (KOHA)
Source of classification or shelving scheme Dewey Decimal Classification
Koha item type Book
Suppress in OPAC No
Holdings
Withdrawn status Lost status Source of classification or shelving scheme Damaged status Not for loan Collection Home library Current library Date acquired Total checkouts Barcode Date last seen Price effective from Koha item type
    Dewey Decimal Classification     BK MRSPTU Central Library MRSPTU Central Library 04/15/2024   G-198 04/15/2024 04/15/2024 Book

Website Designed and Developed by MRSPTU Central Library Team

E-mail Id: librarian@mrsptu.ac.in